000 00457nam a2200181Ia 4500
001 24852
005 20260414151111.0
008 260414t2006||||xx |||||||||||||| ||spa||
041 _aESP
082 _a346
_bL26
100 _aLarroumet, Christian
_eAUT
245 0 _aDerecho civil :
_bintroducción al estudio del derecho privado
260 _c2006
300 _a419 páginas :
_c24 cm.
650 _aDER
654 _aCDE
942 _cLIB
_dJUS
_fJUS
_2ddc
_n
999 _c24852
_d24852